Visualizzazione normale
Vista MARC
- Furno Giuseppe
di Personal Name
Records bibliografici associati: 1
001 - CONTROL NUMBER
- control field: 27606
003 - CONTROL NUMBER IDENTIFIER
- control field: IT-RoPau
005 - DATE AND TIME OF LATEST TRANSACTION
- control field: 20140528211237.0
008 - FIXED-LENGTH DATA ELEMENTS
- fixed length control field: 140528|| aca||aabn | a|a d
040 ## - CATALOGING SOURCE
- Original cataloging agency: IT-RoPau
- Transcribing agency: IT-RoPau
100 ## - HEADING--PERSONAL NAME
- Personal name: Furno Giuseppe
- Miscellaneous information: Codice autore testo/musica SPICS: 32153
- Relator term: Autore testo/musica
- Name of part/section of a work: Non ti scordar di me
670 ## - SOURCE DATA FOUND
- Source citation: Work cat.: (IT-RoPau)101141: AA.VV. 794, Italia amata